[Event "2. CLANSKA LIGA ZAHOD 2014"]
[Site "Ljubljana"]
[Date "2014.11.07"]
[Round "6.4"]
[White "Brecevic, Liam"]
[Black "Lesjak, Damjan"]
[Result "1-0"]
[WhiteElo "1621"]
[BlackElo "1815"]
[PlyCount "223"]
[EventDate "2014.11.07"]
[WhiteTeam "SD PIRAN"]
[BlackTeam "SK VISNJA GORA - STICNA"]

1. e4 c5 2. Bc4 e6 3. Nc3 Nc6 4. Nf3 Nf6 5. d4 d5 6. exd5 exd5 7. Be2 h6 8. h3
a6 9. a4 c4 10. O-O Bd6 11. Be3 O-O 12. b3 cxb3 13. cxb3 Nb4 14. Ne5 Bf5 15.
Rc1 Rc8 16. Nd3 Qe7 17. Nc5 Bb8 18. Bd3 Qd6 19. f4 Nxd3 20. Nxd3 Rfe8 21. Ne5
Ne4 22. Nxe4 Bxe4 23. Qg4 f5 24. Qh5 Qe6 25. Bd2 Rc2 26. Rxc2 Bxc2 27. Qf3 Rc8
28. Nd3 Ba7 29. Re1 Bxd4+ 30. Kh1 Qd7 31. Bb4 Re8 32. Rxe8+ Qxe8 33. Qxd5+ Qf7
34. Qxd4 Bxb3 35. Ne5 Qe6 36. a5 Bd5 37. Qc5 Be4 38. Qf8+ Kh7 39. Qf7 Qc8 40.
Qg6+ Kg8 41. Qf7+ Kh7 42. Qc4 Qd8 43. Qe2 Qd5 44. Qd2 Qb5 45. Qe1 Qd5 46. Qg3
g5 47. fxg5 hxg5 48. Bc3 Qd1+ 49. Kh2 Qc1 50. Nf7 Kg6 51. Nh8+ Kh5 52. Qc7 Qf4+
53. Qxf4 gxf4 54. Nf7 f3 55. gxf3 Bxf3 56. Kg3 Bd5 57. Nd6 f4+ 58. Kxf4 Kh4 59.
Ke5 Bc6 60. Kd4 Kxh3 61. Kc5 Kg4 62. Kb6 Kf4 63. Nxb7 Bb5 64. Nd6 Bf1 65. Nb7
Ke4 66. Nc5+ Kd5 67. Nd7 Kd6 68. Nc5 Be2 69. Nxa6 Kd7 70. Nc5+ Kc8 71. Bf6 Bf1
72. Be5 Be2 73. Na4 Bf1 74. Kc6 Bg2+ 75. Kb6 Bf1 76. Bc7 Be2 77. Kc6 Bf3+ 78.
Kd6 Kb7 79. Nc5+ Ka8 80. Bb6 Be2 81. Kc7 Bf1 82. Nb3 Be2 83. Be3 Bf1 84. Kb6
Kb8 85. Nc5 Ka8 86. Bg5 Be2 87. a6 Bxa6 88. Kxa6 Kb8 89. Kb6 Ka8 90. Kc6 Kb8
91. Bd2 Ka8 92. Ba5 Ka7 93. Bb6+ Ka8 94. Ne4 Kb8 95. Nd6 Ka8 96. Nb5 Kb8 97.
Nc7 Kc8 98. Ba7 Kd8 99. Nd5 Kc8 100. Ne7+ Kd8 101. Kd6 Ke8 102. Bd4 Kd8 103.
Bb6+ Ke8 104. Ke6 Kf8 105. Nf5 Ke8 106. Ng7+ Kf8 107. Kf6 Kg8 108. Bc5 Kh7 109.
Nf5 Kh8 110. Kg6 Kg8 111. Nh6+ Kh8 112. Bd4# 1-0

[Event "2. CLANSKA LIGA ZAHOD 2014"]
[Site "Ljubljana"]
[Date "2014.11.07"]
[Round "6.5"]
[White "Jese, Janez"]
[Black "Gasparic, Stojan"]
[Result "0-1"]
[WhiteElo "1846"]
[BlackElo "1511"]
[PlyCount "58"]
[EventDate "2014.11.07"]
[WhiteTeam "SK VISNJA GORA - STICNA"]
[BlackTeam "SD PIRAN"]

1. e4 e5 2. Nf3 Nc6 3. d4 exd4 4. c3 d3 5. Bxd3 d6 6. Bf4 Qf6 7. Bg3 Bg4 8.
Nbd2 O-O-O 9. Qc2 h6 10. h3 Bd7 11. O-O-O Nge7 12. Nc4 Ng6 13. Rhe1 Nce5 14.
Nfxe5 dxe5 15. f3 Qg5+ 16. Kb1 Qxg3 17. Na5 Bc5 18. a4 Bf2 19. Qb3 Bb6 20. Nxb7
Kxb7 21. a5 Be6 22. Qb5 Rxd3 23. Qxd3 Bxa5 24. Qb5+ Bb6 25. c4 Qf2 26. b4 a6
27. Qa4 Bd4 28. Qb3 Bxc4 29. Qa3 Nf4 0-1

[Event "2. CLANSKA LIGA ZAHOD 2014"]
[Site "Ljubljana"]
[Date "2014.11.07"]
[Round "6.6"]
[White "Debevec, Katarina"]
[Black "Kocmur, Boris"]
[Result "1-0"]
[WhiteElo "1500"]
[BlackElo "1686"]
[PlyCount "83"]
[EventDate "2014.11.07"]
[WhiteTeam "SD PIRAN"]
[BlackTeam "SK VISNJA GORA - STICNA"]

1. d4 d5 2. e3 Nf6 3. c4 e6 4. Nc3 c5 5. Nf3 Nc6 6. Be2 a6 7. O-O Be7 8. b3
cxd4 9. exd4 Qc7 10. h3 h6 11. a3 Bd7 12. c5 b6 13. b4 bxc5 14. bxc5 Na5 15.
Ne5 Bxc5 16. Nxd7 Nxd7 17. dxc5 Nxc5 18. Bd2 O-O 19. Rb1 Rfd8 20. Na4 Ne4 21.
Bb4 d4 22. Rc1 Nc6 23. Bf3 f5 24. Qb3 Kf7 25. Qc4 Rac8 26. Qxa6 Qa7 27. Rxc6
Qxa6 28. Rxa6 d3 29. Ra7+ Kg6 30. g4 d2 31. gxf5+ exf5 32. Kh2 Rc1 33. Bd1 Nxf2
34. Rg1+ Kf6 35. Be7+ Ke6 36. Bb3+ Rd5 37. Bxd5+ Kxd5 38. Rd7+ Ke6 39. Rxd2
Rxg1 40. Kxg1 Ne4 41. Re2 Kxe7 42. Nc5 1-0

[Event "2. CLANSKA LIGA ZAHOD 2014"]
[Site "Ljubljana"]
[Date "2014.11.07"]
[Round "6.1"]
[White "Jukan, Nesib"]
[Black "Biti, Ozren"]
[Result "0-1"]
[WhiteElo "2015"]
[BlackElo "2354"]
[PlyCount "62"]
[EventDate "2014.11.07"]
[WhiteTeam "SK TRZIN"]
[BlackTeam "SD POSOCJE"]

1. Nf3 d6 2. d4 g6 3. c4 Bg7 4. e4 Bg4 5. Be2 Nc6 6. Be3 e5 7. d5 Bxf3 8. Bxf3
Nd4 9. O-O Ne7 10. Nc3 O-O 11. b4 a5 12. b5 Nc8 13. Na4 Nxf3+ 14. Qxf3 b6 15.
Rac1 f5 16. exf5 gxf5 17. Qh3 f4 18. Bd2 Ne7 19. Nc3 Rf6 20. Ne4 Rh6 21. Qg4
Rg6 22. Qh5 Qd7 23. Rc3 Rf8 24. Qh3 Nf5 25. Qh5 Nd4 26. Re1 f3 27. Kh1 Rf5 28.
Qh3 fxg2+ 29. Kg1 Qf7 30. Rg3 Nf3+ 31. Kxg2 Nxd2 0-1

[Event "2. CLANSKA LIGA ZAHOD 2014"]
[Site "Ljubljana"]
[Date "2014.11.07"]
[Round "6.2"]
[White "Vandersmissen, Mathieu"]
[Black "Rojs, Igor"]
[Result "1-0"]
[WhiteElo "2117"]
[BlackElo "1972"]
[PlyCount "107"]
[EventDate "2014.11.07"]
[WhiteTeam "SD POSOCJE"]
[BlackTeam "SK TRZIN"]

1. g3 d5 2. d3 e5 3. c4 dxc4 4. Qa4+ c6 5. Qxc4 Be6 6. Qa4 g6 7. Nf3 Bg7 8. Ng5
Bc8 9. Nc3 Ne7 10. Bd2 Na6 11. Bg2 h6 12. Nf3 Be6 13. O-O O-O 14. Rfd1 Nf5 15.
e4 Nd4 16. Nxd4 Qxd4 17. Qxd4 exd4 18. Ne2 Rfd8 19. b4 Rac8 20. Nf4 Bf8 21.
Nxe6 fxe6 22. a3 Kf7 23. f4 Bg7 24. g4 Nc7 25. Bf3 Bf6 26. Kg2 g5 27. f5 Be5
28. Rf1 Bf4 29. Bxf4 gxf4 30. fxe6+ Nxe6 31. Bd1 Ke7 32. Bb3 Rf8 33. h4 c5 34.
b5 Nc7 35. a4 Kd6 36. Kf3 Ne6 37. Rg1 Rc7 38. Rg2 Rg7 39. Rc1 b6 40. Ra1 Nd8
41. a5 Nf7 42. Bxf7 Rgxf7 43. axb6 axb6 44. Ra6 Rb7 45. Rga2 Ke5 46. Ra8 Rxa8
47. Rxa8 Rd7 48. Re8+ Kd6 49. e5+ Kd5 50. e6 Rd6 51. e7 Ke6 52. Kxf4 c4 53.
dxc4 d3 54. Rd8 1-0

[Event "2. CLANSKA LIGA ZAHOD 2014"]
[Site "Ljubljana"]
[Date "2014.11.07"]
[Round "6.3"]
[White "Rijavec, Stane"]
[Black "Raspor, Gregor"]
[Result "1/2-1/2"]
[WhiteElo "1964"]
[BlackElo "2068"]
[PlyCount "27"]
[EventDate "2014.11.07"]
[WhiteTeam "SK TRZIN"]
[BlackTeam "SD POSOCJE"]

1. Nf3 c5 2. c4 Nf6 3. g3 b6 4. Bg2 Bb7 5. O-O e6 6. Nc3 Be7 7. b3 O-O 8. Bb2
d5 9. cxd5 Nxd5 10. Nxd5 Bxd5 11. d4 cxd4 12. Qxd4 Bf6 13. Qd2 Nd7 14. Rfd1
1/2-1/2

[Event "2. CLANSKA LIGA ZAHOD 2014"]
[Site "Ljubljana"]
[Date "2014.11.07"]
[Round "6.4"]
[White "Ursic, Mateja"]
[Black "Bajec, Borut"]
[Result "1/2-1/2"]
[WhiteElo "2034"]
[BlackElo "1804"]
[PlyCount "48"]
[EventDate "2014.11.07"]
[WhiteTeam "SD POSOCJE"]
[BlackTeam "SK TRZIN"]

1. e4 c5 2. c3 d5 3. exd5 Qxd5 4. d4 e6 5. Nf3 Nf6 6. Be2 Be7 7. O-O O-O 8. c4
Qd6 9. Nc3 a6 10. Be3 cxd4 11. Nxd4 Nc6 12. c5 Qc7 13. Nxc6 Qxc6 14. Bf3 Qc7
15. b4 Bd7 16. Qb3 Bc6 17. Bxc6 Qxc6 18. a4 Qc7 19. Qc4 Rfd8 20. Rad1 Rac8 21.
a5 Rd7 22. Rxd7 Qxd7 23. Rd1 Qc7 24. Bf4 Qc6 1/2-1/2

[Event "2. CLANSKA LIGA ZAHOD 2014"]
[Site "Ljubljana"]
[Date "2014.11.07"]
[Round "6.5"]
[White "Grum, Andrej"]
[Black "Ursic, Jakob"]
[Result "1-0"]
[WhiteElo "1711"]
[BlackElo "1952"]
[PlyCount "75"]
[EventDate "2014.11.07"]
[WhiteTeam "SK TRZIN"]
[BlackTeam "SD POSOCJE"]

1. e4 e5 2. Nf3 Nc6 3. Bc4 Nf6 4. O-O Bc5 5. c3 Nxe4 6. d4 d5 7. Bb5 exd4 8.
Nxd4 Bd7 9. Nb3 Be6 10. Nxc5 Nxc5 11. Qd4 Qe7 12. Bxc6+ bxc6 13. Qxg7 Kd7 14.
Bg5 Qd6 15. Qd4 h5 16. Bf4 Qe7 17. Nd2 Rag8 18. Nf3 f6 19. Rfe1 Qg7 20. Bg3 Nb7
21. c4 Nd6 22. cxd5 Bxd5 23. Nh4 Qg5 24. Rad1 Nf5 25. Qxa7 Nxg3 26. hxg3 Ra8
27. Qc5 Rh7 28. a3 Ra4 29. Rd4 Rxd4 30. Qxd4 Rh8 31. Qc5 f5 32. Re5 Qg7 33. Qe3
Rb8 34. Nxf5 Qg4 35. Re7+ Kc8 36. Qe5 Qd1+ 37. Kh2 Kb7 38. Qxc7+ 1-0

[Event "2. CLANSKA LIGA ZAHOD 2014"]
[Site "Ljubljana"]
[Date "2014.11.07"]
[Round "6.6"]
[White "Hozjan, Erik"]
[Black "Konvalinka, Kostja"]
[Result "1-0"]
[WhiteElo "1848"]
[BlackElo "1690"]
[PlyCount "73"]
[EventDate "2014.11.07"]
[WhiteTeam "SD POSOCJE"]
[BlackTeam "SK TRZIN"]

1. e4 c5 2. Nf3 d6 3. d4 cxd4 4. Nxd4 Nf6 5. Nc3 g6 6. f3 Bg7 7. Be3 O-O 8. Qd2
Nc6 9. Bc4 Ne5 10. Bb3 a6 11. h4 Qc7 12. h5 Nxh5 13. Nd5 Qd8 14. Bh6 e6 15.
Bxg7 Kxg7 16. g4 exd5 17. gxh5 Rh8 18. Bxd5 Qf6 19. hxg6 hxg6 20. Rxh8 Kxh8 21.
Qh6+ Kg8 22. O-O-O Qg7 23. Qg5 Rb8 24. Bb3 b5 25. f4 Nc4 26. e5 dxe5 27. Nc6 f6
28. Rd8+ Kf7 29. Qg2 Ra8 30. Qd5+ Be6 31. Bxc4 Rxd8 32. Nxd8+ Ke8 33. Nxe6 Qd7
34. Qa8+ Qc8 35. Qxc8+ Ke7 36. Qd8+ Kf7 37. Qf8# 1-0

[Event "2. CLANSKA LIGA ZAHOD 2014"]
[Site "Ljubljana"]
[Date "2014.11.07"]
[Round "6.1"]
[White "Brezovar, Matjaz"]
[Black "Bajzelj, Primoz"]
[Result "1-0"]
[WhiteElo "2250"]
[BlackElo "2049"]
[PlyCount "59"]
[EventDate "2014.11.07"]
[WhiteTeam "SK DOLENJSKE TOPLICE"]
[BlackTeam "SD RADOVLJICA"]

1. c4 Nf6 2. Nc3 e6 3. e4 d5 4. e5 Nfd7 5. cxd5 Nxe5 6. d4 Ng6 7. Bb5+ c6 8.
dxc6 bxc6 9. Ba4 Bb4 10. Nge2 O-O 11. O-O Bb7 12. Ne4 Nd7 13. Bd2 c5 14. Bxb4
cxb4 15. Nc5 Nxc5 16. dxc5 Bd5 17. Bb3 Ne7 18. a3 Qa5 19. Bxd5 Nxd5 20. Qd4 Qb5
21. Ng3 a5 22. Rfe1 Qc6 23. Nh5 f6 24. Qg4 g6 25. Rxe6 Qxc5 26. h4 Rae8 27.
Rae1 Qc8 28. Qd4 gxh5 29. Qxd5 Rxe6 30. Rxe6 1-0

[Event "2. CLANSKA LIGA ZAHOD 2014"]
[Site "Ljubljana"]
[Date "2014.11.07"]
[Round "6.2"]
[White "Anakiev, Dimitar"]
[Black "Luzar, Emil"]
[Result "0-1"]
[WhiteElo "2042"]
[BlackElo "2169"]
[PlyCount "74"]
[EventDate "2014.11.07"]
[WhiteTeam "SD RADOVLJICA"]
[BlackTeam "SK DOLENJSKE TOPLICE"]

1. Nf3 Nf6 2. g3 g6 3. b3 Bg7 4. Bb2 O-O 5. Bg2 d6 6. O-O c6 7. d3 e5 8. c4
Nbd7 9. Nbd2 a5 10. a3 Re8 11. Qc2 Nc5 12. b4 Ne6 13. c5 dxc5 14. Bxe5 axb4 15.
axb4 Rxa1 16. Rxa1 Nd4 17. Bxd4 cxd4 18. Nb3 Nd5 19. Nbxd4 Qb6 20. Qc5 Rxe2 21.
Ra8 Re8 22. Bh3 Bf8 23. Qc4 Bd7 24. Rxe8 Bxe8 25. b5 Nb4 26. bxc6 bxc6 27. Nb3
c5 28. Ne5 Qf6 29. Nd7 Bxd7 30. Bxd7 Qf3 31. Bb5 Qd1+ 32. Kg2 Nc2 33. Qd5 Ne1+
34. Kh3 h5 35. Qe4 f5 36. Qc4+ Kh7 37. Bc6 Qg4+ 0-1

[Event "2. CLANSKA LIGA ZAHOD 2014"]
[Site "Ljubljana"]
[Date "2014.11.07"]
[Round "6.3"]
[White "Pucelj, Joze"]
[Black "Buha, Drago"]
[Result "1/2-1/2"]
[WhiteElo "2099"]
[BlackElo "2008"]
[PlyCount "43"]
[EventDate "2014.11.07"]
[WhiteTeam "SK DOLENJSKE TOPLICE"]
[BlackTeam "SD RADOVLJICA"]

1. e4 e5 2. Nf3 Nc6 3. Bb5 d6 4. c3 Bd7 5. O-O Nf6 6. Re1 Be7 7. d4 exd4 8.
cxd4 O-O 9. Nc3 h6 10. h3 a6 11. Bd3 Nh7 12. Be3 Bg5 13. Nxg5 Nxg5 14. f4 Nh7
15. Qf3 Ne7 16. Rad1 Kh8 17. d5 Ng6 18. Bd4 Qh4 19. Ne2 Rae8 20. Bf2 Qf6 21.
Bd4 Qh4 22. Bf2 1/2-1/2

[Event "2. CLANSKA LIGA ZAHOD 2014"]
[Site "Ljubljana"]
[Date "2014.11.07"]
[Round "6.4"]
[White "Kocevar, Tugomir"]
[Black "Muhic, Jure"]
[Result "1/2-1/2"]
[WhiteElo "2006"]
[BlackElo "1779"]
[PlyCount "98"]
[EventDate "2014.11.07"]
[WhiteTeam "SD RADOVLJICA"]
[BlackTeam "SK DOLENJSKE TOPLICE"]

1. e4 c6 2. d4 d5 3. e5 Bf5 4. Bd3 Bxd3 5. Qxd3 e6 6. Nf3 c5 7. Qb5+ Qd7 8.
Qxd7+ Nxd7 9. Be3 Ne7 10. c3 Nc6 11. a3 Be7 12. h4 cxd4 13. cxd4 Na5 14. Nbd2
Rc8 15. b4 Nc4 16. Nxc4 dxc4 17. Kd2 Nb6 18. Kc2 Nd5 19. Ng5 O-O 20. Ne4 Rfd8
21. Nc3 Nb6 22. g4 f6 23. f4 fxe5 24. fxe5 Rf8 25. d5 Nxd5 26. Nxd5 exd5 27.
Bxa7 Kf7 28. Bd4 Ke6 29. Raf1 Ra8 30. Kb2 h6 31. h5 b5 32. Rhg1 Rxf1 33. Rxf1
Rf8 34. Rxf8 Bxf8 35. Kc3 Be7 36. a4 bxa4 37. b5 a3 38. b6 Bd8 39. Kb4 Bxb6 40.
Bxb6 Kxe5 41. Kxa3 Kf4 42. Bd4 Kxg4 43. Bxg7 Kxh5 44. Kb4 Kg5 45. Kc5 h5 46.
Kxd5 Kf5 47. Kxc4 h4 48. Kd5 h3 49. Be5 h2 1/2-1/2

[Event "2. CLANSKA LIGA ZAHOD 2014"]
[Site "Ljubljana"]
[Date "2014.11.07"]
[Round "6.5"]
[White "Janko, Roman"]
[Black "Torkar, Boris"]
[Result "1-0"]
[WhiteElo "1835"]
[BlackElo "1876"]
[PlyCount "109"]
[EventDate "2014.11.07"]
[WhiteTeam "SK DOLENJSKE TOPLICE"]
[BlackTeam "SD RADOVLJICA"]

1. e4 d5 2. exd5 Qxd5 3. Nf3 Bg4 4. Nc3 Qd8 5. Bc4 e6 6. d4 Nf6 7. h3 Bh5 8.
Qe2 c6 9. g4 Bg6 10. Bg5 Be7 11. O-O-O Nd5 12. Nxd5 Bxg5+ 13. Nxg5 Qxg5+ 14. f4
Qd8 15. Ne3 Be4 16. Rhe1 O-O 17. Bb3 b5 18. g5 a5 19. Ng4 Bf5 20. c3 Nd7 21. h4
Qb6 22. h5 b4 23. cxb4 Qxb4 24. Ne3 Rfb8 25. Nxf5 a4 26. Bxe6 Re8 27. Qc4 Qxc4+
28. Bxc4 Nb6 29. Nd6 Rxe1 30. Rxe1 Rd8 31. b3 Kf8 32. Nf5 g6 33. hxg6 hxg6 34.
Ne3 Rxd4 35. Ng4 Nxc4 36. bxc4 Rxc4+ 37. Kb2 f5 38. Ne5 Rd4 39. Nxg6+ Kg7 40.
Re6 Rc4 41. Rf6 c5 42. Ka3 Re4 43. Nf8 Re8 44. Rxf5 Rc8 45. Ne6+ Kg6 46. Rxc5
Re8 47. f5+ Kf7 48. Rc7+ Kg8 49. Kxa4 Kh8 50. Kb4 Rb8+ 51. Kc5 Ra8 52. g6 Ra5+
53. Kd6 Ra8 54. f6 Re8 55. Rh7+ 1-0

[Event "2. CLANSKA LIGA ZAHOD 2014"]
[Site "Ljubljana"]
[Date "2014.11.07"]
[Round "6.6"]
[White "Pretnar, Bostjan"]
[Black "Gorse, Damjan"]
[Result "0-1"]
[WhiteElo "1727"]
[BlackElo "1777"]
[PlyCount "120"]
[EventDate "2014.11.07"]
[WhiteTeam "SD RADOVLJICA"]
[BlackTeam "SK DOLENJSKE TOPLICE"]

1. d4 Nf6 2. Bg5 g6 3. Nd2 Bg7 4. e4 d6 5. Bd3 Nc6 6. c3 O-O 7. Qe2 e5 8. d5
Ne7 9. Bxf6 Bxf6 10. h4 h5 11. O-O-O Kg7 12. f3 Rh8 13. g4 hxg4 14. fxg4 Bxh4
15. Ngf3 g5 16. Qg2 Ng6 17. Nf1 Nf4 18. Qg1 Qf6 19. Ne3 Bd7 20. Kb1 Nxd3 21.
Rxd3 Qf4 22. Nxh4 gxh4 23. Nf5+ Bxf5 24. gxf5+ Kf6 25. Qe1 Rag8 26. Rdh3 Rg4
27. Re3 Rhg8 28. Rf1 Qg5 29. Rh3 Rg3 30. Rhh1 h3 31. Qe2 Qg4 32. Qc4 Rf3 33.
Qxc7 Qxe4+ 34. Ka1 Rxf1+ 35. Rxf1 Qxd5 36. c4 Qc6 37. Qa5 h2 38. Qe1 Rh8 39.
Rh1 Qg2 40. a3 Rh3 41. c5 dxc5 42. Qd1 Kg7 43. f6+ Kg6 44. Qb1+ e4 45. Qd1 Rg3
46. Ka2 Rg5 47. Qd8 Qxh1 48. Qg8+ Kxf6 49. Qd8+ Kg6 50. Qg8+ Kf6 51. Qd8+ Kf5
52. Qd7+ Kg6 53. Qd6+ Kh5 54. Qf6 Qf3 55. Qh8+ Kg4 56. Qxh2 e3 57. Qg1+ Kf4 58.
Qh2+ Qg3 59. Qh7 f5 60. Qc7+ Kg4 0-1

[Event "2. CLANSKA LIGA ZAHOD 2014"]
[Site "Ljubljana"]
[Date "2014.11.07"]
[Round "6.1"]
[White "Lucovnik, Tilen"]
[Black "Plenca, Julijan"]
[Result "0-1"]
[WhiteElo "1992"]
[BlackElo "2369"]
[PlyCount "86"]
[EventDate "2014.11.07"]
[WhiteTeam "SK KOMENDA"]
[BlackTeam "SD STARI TRG PRI KOLPI"]

1. e4 c5 2. Nf3 e6 3. d4 cxd4 4. Nxd4 a6 5. Nc3 b5 6. Bd3 Qb6 7. Be3 Bc5 8. Be2
Nc6 9. Nxc6 Bxe3 10. fxe3 Qxc6 11. Bf3 e5 12. Qd5 f6 13. O-O-O Ne7 14. Qxc6
dxc6 15. b4 Bd7 16. Kb2 Nc8 17. Be2 Ke7 18. Rd2 Nb6 19. a3 Be6 20. Rhd1 Rhc8
21. h3 Rc7 22. Bd3 a5 23. Ra1 Rca7 24. Rdd1 h5 25. g4 hxg4 26. hxg4 axb4 27.
axb4 Rxa1 28. Rxa1 Rxa1 29. Kxa1 Bxg4 30. Kb2 Be6 31. Kc1 Nc4 32. Bxc4 Bxc4 33.
Nd1 g5 34. Kd2 g4 35. Ke1 g3 36. Nb2 g2 37. Kf2 Bf1 38. Nd1 Ke6 39. Nc3 f5 40.
exf5+ Kxf5 41. Nb1 Kg4 42. Nd2 Kh3 43. Nf3 e4 0-1

[Event "2. CLANSKA LIGA ZAHOD 2014"]
[Site "Ljubljana"]
[Date "2014.11.07"]
[Round "6.2"]
[White "Juranic, Bruno"]
[Black "Kralj, Samo"]
[Result "0-1"]
[WhiteElo "2170"]
[BlackElo "1987"]
[PlyCount "72"]
[EventDate "2014.11.07"]
[WhiteTeam "SD STARI TRG PRI KOLPI"]
[BlackTeam "SK KOMENDA"]

1. e4 c5 2. Nc3 d6 3. f4 g6 4. Nf3 Bg7 5. Bc4 e6 6. O-O Ne7 7. Qe1 O-O 8. d3 a6
9. f5 d5 10. Qh4 Nxf5 11. Qxd8 Rxd8 12. exd5 exd5 13. Nxd5 b5 14. Nb6 Ra7 15.
Nxc8 Rxc8 16. Bb3 Nc6 17. c3 Rd7 18. Bc2 b4 19. Bd2 bxc3 20. bxc3 c4 21. d4
Ncxd4 22. cxd4 Nxd4 23. Ba4 Nxf3+ 24. Rxf3 Rxd2 25. Rc1 Rxa2 26. Bb3 Ra1 27.
Rxa1 Bxa1 28. Bc2 Rd8 29. Ra3 Rd2 30. Be4 f5 31. Bf3 Bd4+ 32. Kf1 c3 33. Ke1
Bf2+ 34. Kf1 c2 35. Ra1 Bd4 36. Ke1 Bc3 0-1

[Event "2. CLANSKA LIGA ZAHOD 2014"]
[Site "Ljubljana"]
[Date "2014.11.07"]
[Round "6.3"]
[White "Leonardi, Caterina"]
[Black "Baric, Dusan"]
[Result "1-0"]
[WhiteElo "1984"]
[BlackElo "2058"]
[PlyCount "83"]
[EventDate "2014.11.07"]
[WhiteTeam "SK KOMENDA"]
[BlackTeam "SD STARI TRG PRI KOLPI"]

1. d4 Nf6 2. c4 g6 3. Nc3 Bg7 4. e4 d6 5. f4 O-O 6. Nf3 c5 7. d5 e6 8. dxe6
fxe6 9. Be2 Nc6 10. O-O a6 11. Kh1 Qc7 12. Qe1 Nd4 13. Bd3 Bd7 14. Qh4 Bc6 15.
Be3 Nh5 16. Ng5 Bf6 17. Qg4 Ng7 18. Rae1 Bxg5 19. Qxg5 Rae8 20. Ne2 Nxe2 21.
Rxe2 Qe7 22. Qh6 e5 23. Rff2 Nh5 24. f5 Qg7 25. Qg5 Qe7 26. fxg6 Qxg5 27. gxh7+
Kxh7 28. Bxg5 Kg6 29. h4 Ng3+ 30. Kh2 Nxe2 31. Rxe2 Rf7 32. Rd2 Rd7 33. Rf2 Rf7
34. h5+ Kg7 35. Bh6+ Kg8 36. Rxf7 Kxf7 37. g4 Rg8 38. Kg3 b5 39. g5 Rh8 40. Kh4
b4 41. g6+ Ke6 42. Bg7 1-0

[Event "2. CLANSKA LIGA ZAHOD 2014"]
[Site "Ljubljana"]
[Date "2014.11.07"]
[Round "6.4"]
[White "Kobe, Uros"]
[Black "Kobold, Andrej"]
[Result "1-0"]
[WhiteElo "2119"]
[BlackElo "1923"]
[PlyCount "61"]
[EventDate "2014.11.07"]
[WhiteTeam "SD STARI TRG PRI KOLPI"]
[BlackTeam "SK KOMENDA"]

1. e4 c5 2. Nc3 e6 3. g3 d5 4. exd5 exd5 5. d4 cxd4 6. Qxd4 Nf6 7. Bg5 Be7 8.
Nge2 Nc6 9. Qd2 d4 10. Bxf6 Bxf6 11. Ne4 O-O 12. O-O-O Bf5 13. Bg2 Re8 14.
Nxf6+ Qxf6 15. Bxc6 Rxe2 16. Qxe2 Qxc6 17. Kb1 Rc8 18. Rc1 Qd5 19. Rhd1 h6 20.
f4 f6 21. g4 Be4 22. Qf2 Rc4 23. b3 Qd6 24. Qd2 Rb4 25. Kb2 Bf3 26. Rg1 Rb6 27.
a3 Rc6 28. g5 hxg5 29. fxg5 Ra6 30. Qb4 Qe5 31. Qc4+ 1-0

[Event "2. CLANSKA LIGA ZAHOD 2014"]
[Site "Ljubljana"]
[Date "2014.11.07"]
[Round "6.5"]
[White "Markosek, Maj"]
[Black "Bedic, Slavko"]
[Result "1/2-1/2"]
[WhiteElo "1728"]
[BlackElo "1943"]
[PlyCount "122"]
[EventDate "2014.11.07"]
[WhiteTeam "SK KOMENDA"]
[BlackTeam "SD STARI TRG PRI KOLPI"]

1. d4 Nf6 2. c4 d5 3. cxd5 Nxd5 4. e4 Nf6 5. Bd3 e6 6. Nf3 c5 7. dxc5 Bxc5 8.
O-O Nc6 9. h3 h6 10. a3 a5 11. Nc3 O-O 12. Bf4 Re8 13. e5 Nd5 14. Nxd5 exd5 15.
Rc1 Qb6 16. Bb1 Bf8 17. Qc2 g6 18. Qd2 Bg7 19. Bxh6 Nxe5 20. Nxe5 Bxh6 21. Qxh6
Rxe5 22. Rc3 Bf5 23. Bxf5 Rxf5 24. Qd2 Rd8 25. Rd3 Rd6 26. Rd4 Rdf6 27. Rxd5
Rxd5 28. Qxd5 Qxb2 29. Qxa5 Ra6 30. Qb4 Rb6 31. Qxb2 Rxb2 32. Ra1 Kf8 33. a4
Rb6 34. a5 Ra6 35. Rb1 Ra7 36. Rb5 Ke7 37. g4 Kd6 38. h4 Kc6 39. Rg5 Ra8 40. h5
gxh5 41. gxh5 b5 42. axb6 Kxb6 43. Rf5 Rf8 44. Kg2 Kc6 45. Kg3 Kd6 46. Kg4 Ke6
47. Rg5 Kf6 48. f4 Rb8 49. Ra5 Rb6 50. Rf5+ Kg7 51. Kg5 Rb2 52. h6+ Kf8 53. Rf6
Rh2 54. Rb6 Rg2+ 55. Kf5 Rh2 56. Rb8+ Ke7 57. Rb7+ Kf8 58. Kg5 Rg2+ 59. Kf5 Rh2
60. Rb8+ Ke7 61. Rh8 Rh5+ 1/2-1/2

[Event "2. CLANSKA LIGA ZAHOD 2014"]
[Site "Ljubljana"]
[Date "2014.11.07"]
[Round "6.6"]
[White "Danculovic, Jovica"]
[Black "Unuk, Jan"]
[Result "1-0"]
[WhiteElo "1966"]
[BlackElo "1566"]
[PlyCount "113"]
[EventDate "2014.11.07"]
[WhiteTeam "SD STARI TRG PRI KOLPI"]
[BlackTeam "SK KOMENDA"]

1. e4 e6 2. d4 d5 3. exd5 exd5 4. Bd3 Bd6 5. c3 Ne7 6. Ne2 O-O 7. Bg5 f6 8. Bh4
Nbc6 9. Qc2 f5 10. Nd2 Qe8 11. Bxe7 Qxe7 12. O-O-O Bd7 13. f4 Rab8 14. Nf3 b5
15. Ne5 Bxe5 16. dxe5 b4 17. Nd4 Nxd4 18. cxd4 g6 19. Kb1 Bb5 20. Bxb5 Rxb5 21.
Qa4 c6 22. Rc1 Qb7 23. h4 h5 24. Rh3 Re8 25. Rb3 Qb6 26. Rg3 Kf7 27. Rd3 Re6
28. Qd1 Qa6 29. Rd2 b3 30. a3 Qb6 31. Rc3 a5 32. a4 Rb4 33. Rdd3 Rxa4 34. Rxb3
Rb4 35. Rxb4 axb4 36. Qd2 Re7 37. Qc2 Ra7 38. Kc1 Qa5 39. Kd2 Rc7 40. Qc5 Qxc5
41. dxc5 Ra7 42. Rd4 Rb7 43. Kc2 b3+ 44. Kc3 Rb5 45. Rb4 Rxc5+ 46. Kxb3 Rc1 47.
Rb7+ Kf8 48. Rd7 Rd1 49. Kb4 Rd4+ 50. Kc5 Re4 51. Kxc6 d4 52. b4 Ke8 53. b5 d3
54. Rxd3 Ke7 55. b6 Rc4+ 56. Kb5 Rc8 57. b7 1-0

[Event "2. CLANSKA LIGA ZAHOD 2014"]
[Site "Ljubljana"]
[Date "2014.11.07"]
[Round "6.1"]
[White "Solmajer, Luka"]
[Black "Kodric, Vladimir"]
[Result "1-0"]
[WhiteElo "2080"]
[BlackElo "1949"]
[PlyCount "49"]
[EventDate "2014.11.07"]
[WhiteTeam "SD KC LJUBLJANA"]
[BlackTeam "SK LOSKA DOLINA"]

1. d4 d6 2. e4 c6 3. f4 Nf6 4. Nc3 Nbd7 5. Nf3 e6 6. Bd3 g6 7. e5 dxe5 8. fxe5
Nd5 9. Ne4 Be7 10. Bh6 Nb4 11. O-O Nxd3 12. Qxd3 f5 13. exf6 Nxf6 14. Bg7 Rg8
15. Bxf6 Bxf6 16. Nxf6+ Qxf6 17. Ne5 Qh8 18. Rf7 Rg7 19. Raf1 Qg8 20. Rxg7 Qxg7
21. Qh3 h5 22. Qh4 c5 23. Qg5 cxd4 24. Rf6 Qh8 25. Rxg6 1-0

[Event "2. CLANSKA LIGA ZAHOD 2014"]
[Site "Ljubljana"]
[Date "2014.11.07"]
[Round "6.2"]
[White "Trivuncevic, Bosko"]
[Black "Persl, Bojan"]
[Result "0-1"]
[WhiteElo "1976"]
[BlackElo "2083"]
[PlyCount "20"]
[EventDate "2014.11.07"]
[WhiteTeam "SK LOSKA DOLINA"]
[BlackTeam "SD KC LJUBLJANA"]

1. d4 Nf6 2. c4 g6 3. Nc3 d5 4. Nf3 Bg7 5. Bg5 Ne4 6. Nxd5 Nxg5 7. Nxg5 e6 8.
Nxc7+ Qxc7 9. e3 Qa5+ 10. Ke2 Qxg5 0-1

[Event "2. CLANSKA LIGA ZAHOD 2014"]
[Site "Ljubljana"]
[Date "2014.11.07"]
[Round "6.3"]
[White "Sadikov, Aleksander"]
[Black "Drobnic, Milan"]
[Result "1/2-1/2"]
[WhiteElo "1981"]
[BlackElo "1856"]
[Annotator "Poglajen,Franc"]
[PlyCount "139"]
[EventDate "2014.11.07"]
[WhiteTeam "SD KC LJUBLJANA"]
[BlackTeam "SK LOSKA DOLINA"]

1. e4 d6 2. d4 Nf6 3. Nc3 Nbd7 4. Bd3 e5 5. Nge2 Be7 6. O-O O-O 7. f4 c6 8. Qe1
exd4 9. Nxd4 Qb6 10. Be3 Nc5 11. Kh1 Nxd3 12. cxd3 Qxb2 13. a3 Ng4 14. Na4 Qxa1
15. Qxa1 Nxe3 16. Rf3 Bf6 17. Rxe3 c5 18. e5 cxd4 19. Qxd4 dxe5 20. fxe5 Be7
21. Qb2 Be6 22. h3 b6 23. d4 Rac8 24. Nc3 Rfd8 25. Rd3 Bd5 26. Nxd5 Rxd5 27.
Qe2 Rcd8 28. Qe4 Bc5 29. e6 fxe6 30. Qxe6+ Kh8 31. h4 Rxd4 32. Rxd4 Bxd4 33.
Qf7 Ra8 34. Qb7 Re8 35. Qd7 Re1+ 36. Kh2 Bg1+ 37. Kg3 h6 38. Qxa7 Bc5 39. a4
Re7 40. Qa8+ Kh7 41. Qd5 Ra7 42. Qe4+ Kh8 43. Kg4 Re7 44. Qc6 Be3 45. Qd6 Bc5 {
(=)} 46. Qd5 Ra7 47. Qd8+ Kh7 48. Qd3+ g6 49. Qe4 Re7 50. Qc6 h5+ 51. Kg5 Re5+
52. Kf6 Rf5+ 53. Ke6 Bf2 54. Qd7+ Kg8 55. Qd8+ Kg7 56. Qe7+ Kg8 57. Qe8+ Kg7
58. Qd7+ Kh6 59. Qd8 Kg7 60. Qc7+ Kh6 61. g3 Bc5 62. Qd8 Kg7 63. Qb8 Kh7 64.
Kd7 Kg7 65. Qa8 Kh7 66. Qe4 Kg7 67. Kc6 Kh7 68. g4 hxg4 69. Qxg4 Kg7 70. Qd1
1/2-1/2